India's ancient past / (Record no. 92692)

MARC details
000 -LEADER
fixed length control field 00742nam a22002177a 4500
005 - DATE AND TIME OF LATEST TRANSACTION
control field 20150401164659.0
010 ## - LCCN (DPL NO)
LC control number B-593939
020 ## - INTERNATIONAL STANDARD BOOK NUMBER
International Standard Book Number 9780195687859
Terms of availability 325.00
035 ## - SYSTEM CONTROL NUMBER
System control number B-593939
037 ## - SOURCE OF ACQUISITION
Source of stock number/acquisition UBH
Stock number dpl
082 ## - DEWEY DECIMAL CLASSIFICATION NUMBER
Classification number 934
100 ## - MAIN ENTRY--PERSONAL NAME
Personal name Sharma, R.S.
245 ## - TITLE STATEMENT
Title India's ancient past /
Statement of responsibility, etc by R.S. Sharma
250 ## - EDITION STATEMENT
Edition statement 18th impr.
260 ## - PUBLICATION, DISTRIBUTION, ETC. (IMPRINT)
Place of publication, distribution, etc New Delhi
Name of publisher, distributor, etc Oxford University Press
Date of publication, distribution, etc 2015
270 ## - ADDRESS
Address YMCA Library Building,1 Jai Singh Road
City New Delhi
Postal code 110001, India
300 ## - PHYSICAL DESCRIPTION
Extent xi,387p. :
Dimensions 22cm(pbk)
Other physical details ill.
500 ## - GENERAL NOTE
General note Includes bibilographcal references and index
942 ## - ADDED ENTRY ELEMENTS (KOHA)
Source of classification or shelving scheme Dewey Decimal Classification
Item type English Books
Classification part 934
Call number suffix SHA
Holdings
Withdrawn status Lost status Not for loan Collection code Home library Current library Date acquired Source of acquisition Cost, normal purchase price Full call number Barcode Copy number Cost, replacement price Koha item type
      Non-fiction Sarojini Nagar Sarojini Nagar 01/04/2015 UBH/269/26.2.15/DPL/ZLS/RP/2014-15/4/64/19.2.15/10.3.15 325.00 934 SHA B-593939 1 325.00 English Books

© Delhi Public Library
Hit Counter
free hit counter